000 00756nas a2200253 4500
001 BR8003483
003 BR-BrBNA
005 20231205084329.0
007 ta
008 230509b bl.|||p| |||| 00| 00por d
040 _aBR-BrBNA
_bpor
_cBiblioteca Nacional de Agricultura
041 _a(Pt)
072 _aH60; F30
100 1 _aMarinis, G. de
100 1 _aLepos, A.
100 1 _aFriebolin, L.P.
100 1 _aMusa, R.A.M.
245 1 _aCapacidade reprodutiva de Porophyllum ruderale (Jacq.)Cass. [erva daninha]
650 _aERVA DANINHA
650 _aEFICIENCIA REPRODUTIVA
773 0 _tPlanta Daninha (Brazil)
_xISSN 0100-8358
_g(Jun 1980), v. 3(1) p. 55-57
_wBR8003483
909 _a202311
_bLúcia
_c55
_dLúcia Elande
942 _2AGRIS
_n0
_cANA
999 _c104534
_d104534